000 01159nam a22002897a 4500
005 20160129114526.0
008 140516b2013 ck ||||| |||| 00| 0 spa d
020 _a9789588554334
040 _aCO-BoIAVH
_cCO-BoIAVH
041 1 _aspa
044 _ack
082 0 4 _a599.75
_bR69f
110 1 0 _aRodriguez-Castellanos, P
245 1 4 _aLos felinos y la gente de la Estrella Fluvial Inírida - EFI:
_bcompartiendo el territorio
_cRodriguez-Castellanos ... [et al]
246 0 4 _aNat yotdanot, ot poi nat epinot irigot naa ebutamdigu rlot cŕtyáni irigot mao jaá imindauot - EFI:
_btrrmula palipá cajet nat jrlugot jajaá naa niti
260 _aBogota
_bCDA
_bFundación Omacha
_bWWF
_c2013
300 _a48 p. (cada idioma)
_bil. (col)
_c19 cm.
490 _aEspecies Amenazadas
_v44
500 _aCartilla divulgativa
650 4 _aFelinos
_xClasificación
650 4 _aEspecies en peligro
650 6 _aCulturas indígenas
_zEstrella Fluvial (Inírida)
651 _aColombia
_zIrírida
_zEstrella Fluvial
700 1 _aBotero-Cruz, A.
700 1 _aMartínez-Callejas, S.
942 _2ddc
_cImpreso
_01
999 _c8430
_d8430